000 01132nam a22001697a 4500
008 190726b xxu||||| |||| 00| 0 eng d
020 _a0130145734
050 _aRJ370.G66
100 _aGoold, Grant B.
245 _aPediatric emergencies: the first five minutes . /
_cGrant B. Goold and Paul F. Marmen.
260 _aNew Jersey :
_bPrentice Hall,
_c2003.
300 _axii, 111 p. :
_bill. ;
_c28 cm.
500 _aIncludes index.
505 _aContents: Preparedness: Prevention, prevention,prevention -- PediScan checklist -- Disaster planning -- Universal symbol training: Scene safety -- Standard precautions -- Initial assessment -- Ongoing Assessment -- Activation of the emergency medical services (EMS) system -- Basic life support: rescue breathing (artificial ventilation) -- Basic life support: cardiopulmonary resuscitation -- Shock -- Soft-tissue injury -- Musculoskeletal injury/immobilization -- Spinal precautions -- Oxygen Application -- Injury and illness treatment: Injury and illness quick reference guide -- Answers to real-life response treatment questions.
700 _aMarmen, Paul F.
942 _2lcc
_cBK
999 _c6818
_d14318